[Event "Titled Tue 26th Aug Late"]
[Site "chess.com INT"]
[Date "2025.08.26"]
[Round "5"]
[White "Li, Yilin"]
[Black "Schuster, Karsten"]
[Result "1-0"]
[WhiteTitle "WFM"]
[BlackTitle "FM"]
[WhiteElo "1921"]
[BlackElo "2266"]
[WhiteFideId "8610410"]
[BlackFideId "4611071"]
[EventDate "2025.08.26"]

1. c4 b6 2. Nc3 Bb7 3. e4 e5 4. Nf3 Nc6 5. d4 exd4 6. Nxd4 Nxd4 7. Qxd4 Ne7 8.
Be2 Nc6 9. Qd1 Bb4 10. Bd2 O-O 11. O-O Re8 12. f3 Nd4 13. Bd3 Qh4 14. Qe1 Qxe1
15. Raxe1 c6 16. a3 Bc5 17. Be3 Ne6 18. b4 Bxe3+ 19. Rxe3 Nf4 20. g3 Ng6 21.
Rfe1 f6 22. f4 Kf8 23. Bc2 Re7 24. Bb3 Rae8 25. Kf2 Ba6 26. b5 Bb7 27. a4 Rc8
28. h4 Nh8 29. Rd1 Nf7 30. Red3 d6 31. Re3 Rec7 32. Rc1 a6 33. Ne2 cxb5 34. axb5
axb5 35. Rec3 bxc4 36. Nd4 Nd8 37. Bxc4 Bxe4 38. Nb5 Rc6 39. Na7 Rxc4 40. Nxc8
Rxc3 41. Rxc3 d5 42. Nxb6 Ne6 43. Rc8+ Ke7 44. Ra8 Kd6 45. Ra7 g5 46. Nc8+ Kc5
47. hxg5 fxg5 48. fxg5 Nxg5 49. Rc7+ Kd4 50. Nd6 Bg6 51. Nb5+ Kd3 52. Rd7 Ne4+
53. Kf3 Nd2+ 54. Kf4 Kc4 55. Nc7 d4 56. Ne6 d3 57. Rc7+ Kb3 58. Nd4+ Kb2 59. Nf3
Nb3 60. Ke3 Bh5 61. Nd2 Bg6 62. Rb7 Bf7 63. Rxf7 Nc5 64. Rc7 Ne6 65. Rb7+ Kc3
66. Rxh7 Ng5 67. Rc7+ Kb4 68. Ne4 Ne6 69. Rd7 d2 70. Rxd2 Kb5 71. Rb2+ Kc4 72.
Rc2+ Kb5 73. Rc8 Kb4 74. Rb8+ 1-0

[Event "Titled Tue 26th Aug Late"]
[Site "chess.com INT"]
[Date "2025.08.26"]
[Round "5"]
[White "Malassagne, Isabelle"]
[Black "Itkis, Boris"]
[Result "0-1"]
[WhiteTitle "WFM"]
[BlackTitle "IM"]
[WhiteElo "2134"]
[BlackElo "2250"]
[WhiteFideId "20670265"]
[BlackFideId "1209167"]
[EventDate "2025.08.26"]

1. d4 d5 2. c4 e6 3. Nf3 Nf6 4. g3 Be7 5. Bg2 O-O 6. O-O dxc4 7. Na3 Bxa3 8.
bxa3 c5 9. a4 cxd4 10. Nxd4 Bd7 11. Ba3 Re8 12. Nb5 Bxb5 13. axb5 Qc7 14. Rc1
Nbd7 15. Qc2 Nb6 16. Rfd1 Red8 17. Bb4 Nfd5 18. Be1 Qd7 19. a4 Qe8 20. a5 Nc8
21. e4 Nf6 22. Rxd8 Qxd8 23. Qxc4 Nd6 24. Qb4 Nde8 25. h3 Qd7 26. Bf3 Rd8 27.
Kg2 Nc7 28. b6 axb6 29. axb6 Na6 30. Qb1 Nb8 31. Bc3 Qe7 32. Rd1 Nc6 33. g4 h6
34. Rxd8+ Qxd8 35. Qd1 Qxb6 36. Bxf6 gxf6 37. Qd2 Kg7 38. h4 Ne5 39. g5 fxg5 40.
hxg5 hxg5 41. Qxg5+ Ng6 42. Bh5 e5 43. Kf3 Qf6+ 44. Qxf6+ Kxf6 45. Ke3 Ke6 46.
Bd1 Nf4 47. Bb3+ Ke7 48. Kd2 f6 49. Kc3 Kd6 50. Kb4 Nd3+ 51. Kb5 Nxf2 52. Bd5
Kc7 53. Kc4 Nh3 54. Be6 Nf4 55. Bf5 Kc6 56. Kb4 Nd3+ 57. Kc3 Nc5 58. Kb4 b5 59.
Bh7 Kb6 60. Bf5 Na6+ 61. Ka3 Kc5 62. Kb3 b4 63. Bd7 Nb8 64. Bf5 Nc6 65. Bh7 Kd4
66. Kb2 Na5 67. Bg6 Kc5 68. Bf7 Kd4 69. Bg6 Kd3 70. Bh7 Kc4 71. Bg6 b3 72. Bf7+
Kb4 73. Bg8 Nc4+ 74. Kb1 Kc3 75. Bxc4 Kxc4 76. Kb2 Kb4 77. Kb1 Kc3 78. Kc1 Kd4
79. Kb2 Kxe4 80. Kxb3 f5 0-1

[Event "Titled Tue 26th Aug Late"]
[Site "chess.com INT"]
[Date "2025.08.26"]
[Round "5"]
[White "Mekhitarian, Krikor Sevag"]
[Black "Terry, Renato"]
[Result "0-1"]
[WhiteTitle "GM"]
[BlackTitle "IM"]
[WhiteElo "2549"]
[BlackElo "2508"]
[WhiteFideId "2107660"]
[BlackFideId "3803457"]
[EventDate "2025.08.26"]

1. Nf3 Nf6 2. c4 d6 3. d4 Nbd7 4. Nc3 e5 5. e4 Be7 6. Be2 O-O 7. O-O c6 8. d5
Nc5 9. Qc2 a5 10. Be3 Qc7 11. Nd2 Bd7 12. Rfc1 Rfc8 13. b3 Qb8 14. Qb1 cxd5 15.
Nxd5 Nxd5 16. cxd5 b5 17. Bxc5 dxc5 18. a4 Bg5 19. Qc2 c4 20. bxc4 bxc4 21. Qc3
Qb4 22. Ra2 Bxa4 23. h4 Bh6 24. Qxb4 axb4 25. Rxc4 Bxd2 26. Rxd2 Rxc4 27. Bxc4
Rc8 28. Bd3 b3 29. Kf1 Kf8 30. Ke2 Ke7 31. Rb2 Kd6 32. Kd2 f5 33. f3 f4 34. Be2
Kc5 35. Kc3 Kd6+ 36. Kd2 Kc5 37. Kc3 Kb6+ 38. Kb4 Rc2 39. Ka3 Kc5 40. Rxc2+ bxc2
41. Kb2 Kd4 42. d6 Kc5 43. Bd3 Kxd6 44. Bxc2 Bb5 45. Bb3 Bf1 46. Bd1 Bxg2 47.
Kc3 Kc5 48. Kd2 Kd4 49. Ke2 Bh3 50. Kf2 Be6 51. Be2 h6 52. Bd1 Bc4 53. Bc2 Kc5
54. Bd1 Kd6 55. Kg2 Be6 56. Ba4 Ke7 57. Kh2 Kf7 58. Bb5 Kf6 59. Be8 Ke7 60. Bc6
Kd6 61. Be8 Kc5 62. Kg2 Kd4 63. Kf2 Kd3 64. Bg6 Kd2 65. Bh5 Bg8 66. Bg6 Kc3 67.
Be8 Kd4 68. Bg6 Kc5 69. Be8 Kd6 70. Bg6 Ke7 71. Bh5 Be6 72. Bg6 Bd7 73. Kg2 Kf6
74. Bh5 g6 0-1

[Event "Titled Tue 26th Aug Late"]
[Site "chess.com INT"]
[Date "2025.08.26"]
[Round "5"]
[White "Germanovs, Georgijs"]
[Black "Storey, Charles H"]
[Result "1/2-1/2"]
[WhiteTitle "CM"]
[BlackTitle "FM"]
[WhiteElo "2260"]
[BlackElo "2095"]
[WhiteFideId "11609710"]
[BlackFideId "406686"]
[EventDate "2025.08.26"]

1. e4 g6 2. d4 Bg7 3. h4 c5 4. d5 h5 5. f4 d6 6. Nf3 Bg4 7. Be2 Nf6 8. Nc3 Na6
9. e5 Nd7 10. e6 fxe6 11. dxe6 Bxe6 12. Ng5 Bf5 13. Bc4 Bxc3+ 14. bxc3 Qa5 15.
Bf7+ Kd8 16. O-O Qxc3 17. Bd2 Qd4+ 18. Kh2 Nf6 19. Bxg6 Ng4+ 20. Kh1 Bd7 21.
Nf7+ Kc7 22. Ba5+ b6 23. Qxd4 cxd4 24. Nxh8 Rxh8 25. Bd2 Nc5 26. Rae1 Kd8 27. f5
Bc6 28. Bg5 Nf6 29. Bxf6 exf6 30. Rd1 d3 31. cxd3 Ba4 32. Rd2 Bb5 33. Re1 Kc7
34. d4 Nd3 35. Re7+ Kc6 36. Be8+ Rxe8 37. Rxe8 Kd5 38. Rh8 Kxd4 39. Rxh5 d5 40.
Rh7 Ke3 41. Rxd3+ Bxd3 42. Rxa7 Be4 43. h5 d4 44. h6 d3 45. Rd7 Bxf5 46. h7 Bxh7
47. Rxh7 d2 48. Rd7 Ke2 49. Re7+ Kd3 50. Kh2 d1=Q 51. Rd7+ Kc2 52. Rxd1 Kxd1 53.
Kg3 Kc2 54. Kf4 Kb2 55. a4 Kb3 56. Kf5 Kxa4 57. Kxf6 b5 58. g4 b4 59. g5 b3 60.
g6 b2 61. g7 b1=Q 62. g8=Q Qb2+ 63. Kf5 Qb5+ 64. Ke4 Qb4+ 65. Ke5 Qe1+ 66. Kd6
Qd2+ 67. Kc6 Qc3+ 68. Kd6 Qb4+ 69. Ke5 Qc3+ 70. Kf5 Qd3+ 71. Kf4 Qd2+ 72. Ke4
Qe2+ 73. Kd4 Qd2+ 74. Kc5 Qb4+ 75. Kc6 Qb5+ 76. Kc7 Qa5+ 77. Kb7 Qb5+ 78. Ka7
Qa5+ 79. Kb8 Qb5+ 80. Ka8 Qa5+ 81. Kb8 Qb5+ 82. Ka8 Qa5+ 83. Kb8 1/2-1/2

[Event "Titled Tue 26th Aug Late"]
[Site "chess.com INT"]
[Date "2025.08.26"]
[Round "5"]
[White "Dessyn, Timothee"]
[Black "Donoso Aguirre, Maximiliano"]
[Result "1-0"]
[WhiteTitle "FM"]
[BlackTitle "CM"]
[WhiteElo "2334"]
[BlackElo "1978"]
[WhiteFideId "651028859"]
[BlackFideId "3458920"]
[EventDate "2025.08.26"]

1. e4 e5 2. Nc3 Nf6 3. f4 d5 4. fxe5 Nxe4 5. Qf3 f5 6. exf6 Nxf6 7. d4 Be7 8.
Bg5 c6 9. Bd3 O-O 10. Nge2 Ne4 11. Bxe7 Qxe7 12. Qe3 Bf5 13. Ng3 Bg6 14. Ncxe4
dxe4 15. Bc4+ Kh8 16. O-O-O Nd7 17. h4 Nb6 18. Bb3 Nd5 19. Bxd5 cxd5 20. h5 Be8
21. Kb1 Rc8 22. Rdf1 Bb5 23. Rf4 Rxf4 24. Qxf4 Rf8 25. Qe3 Bc6 26. Ne2 Rf6 27.
Nf4 Qd6 28. g3 Kg8 29. Rc1 b5 30. Rf1 Rf8 31. Rf2 a5 32. g4 Bd7 33. g5 Rf5 34.
g6 h6 35. a3 b4 36. axb4 axb4 37. b3 Bc6 38. Kc1 Qf6 39. Kd2 Qd8 40. Ke1 Rf6 41.
Kd2 Qa8 42. Nxd5 Rxf2+ 43. Qxf2 Bxd5 44. Ke3 Qe8 45. Qf4 Bc6 46. Qc7 Qd7 47.
Qb8+ Qe8 48. Qc7 Kf8 49. Qd6+ Kg8 50. Qxb4 Qd8 51. Qc5 Ba8 52. c4 Qb8 53. b4
Qg3+ 54. Kd2 e3+ 55. Kc3 e2+ 56. Kb2 Qf4 57. Qc8+ Qf8 58. Qe6+ Kh8 59. Qxe2
Qxb4+ 60. Kc2 Qf8 61. Kc3 Bf3 62. Qe3 Bxh5 63. d5 Bxg6 64. c5 h5 65. d6 Qf6+ 66.
Qd4 Qf3+ 67. Kb4 Qb7+ 68. Kc3 Bf7 69. d7 Qb3+ 70. Kd2 Qa2+ 71. Ke3 Qe6+ 72. Kd2
Qa2+ 73. Ke3 Qe6+ 74. Kf2 1-0

[Event "Titled Tue 26th Aug Late"]
[Site "chess.com INT"]
[Date "2025.08.26"]
[Round "5"]
[White "Shurakov, Denis"]
[Black "Jasinski, Alexander"]
[Result "1/2-1/2"]
[WhiteTitle "CM"]
[WhiteElo "2085"]
[BlackElo "2063"]
[WhiteFideId "4149734"]
[BlackFideId "55627994"]
[EventDate "2025.08.26"]

1. Nf3 Nf6 2. e3 g6 3. d4 Bg7 4. Be2 O-O 5. O-O d5 6. b3 c5 7. Bb2 cxd4 8. Nxd4
Nc6 9. c4 dxc4 10. Nxc6 bxc6 11. Qxd8 Rxd8 12. Bxc4 Ne4 13. Bxg7 Kxg7 14. f3 Nd2
15. Nxd2 Rxd2 16. Rf2 Rxf2 17. Kxf2 Kf6 18. Rc1 a5 19. Bd3 Bb7 20. Be4 Ra6 21.
Rc5 e6 22. Bd3 Ra8 23. e4 Ke7 24. e5 Kd7 25. Ke3 Kc7 26. Rc4 Kb6 27. Rf4 Rf8 28.
Rh4 h5 29. Rf4 c5 30. Bxg6 Rd8 31. Bxh5 Rd1 32. Bxf7 Re1+ 33. Kd2 Ra1 34. Bxe6
Rxa2+ 35. Kc3 Rxg2 36. Rf6 Kc7 37. Rf7+ Kb6 38. f4 Rxh2 39. Bc4 Be4 40. Bd3 Rh3
41. Rd7 Kc6 42. Rd6+ Kc7 43. Kc4 Bb7 44. Kxc5 Rf3 45. Bc4 Rxf4 46. Rd4 Rf5 47.
Bb5 Rxe5+ 48. Kc4 Re1 49. Ba4 Rc1+ 50. Kb5 Rh1 51. Kxa5 Rh5+ 52. Kb4 Kb6 53. Rc4
Rh1 54. Rd4 Rc1 55. Rc4 Rf1 56. Rd4 Re1 57. Kc3 Re3+ 58. Kc4 Ba6+ 59. Kb4 Re1
60. Rd6+ Ka7 61. Rd4 Bb7 62. Bb5 Kb6 63. Bc4 Re5 64. Rd6+ Bc6 65. Rd4 Kc7 66.
Kc3 Kb6 67. Bd3 Re3 68. Kb4 Re5 69. Bc4 Kc7 70. Rh4 Kb6 71. Rh6 Kc7 72. Kc3 Bb7
73. Kd4 Re1 74. Rh7+ Kb6 75. b4 Rd1+ 76. Kc3 Rc1+ 77. Kd4 Rd1+ 78. Kc3 Rc1+ 79.
Kb3 Rb1+ 80. Ka3 Ra1+ 81. Kb2 Rg1 82. Rh6+ Kc7 83. Kc3 Rg3+ 84. Kd4 Rg4+ 85. Kc3
Rg3+ 86. Kd4 Rg4+ 87. Kc3 Rg3+ 1/2-1/2

[Event "Titled Tue 26th Aug Late"]
[Site "chess.com INT"]
[Date "2025.08.26"]
[Round "5"]
[White "Ragger, Markus"]
[Black "Piesik, Piotr"]
[Result "1/2-1/2"]
[WhiteTitle "GM"]
[BlackTitle "IM"]
[WhiteElo "2569"]
[BlackElo "2427"]
[WhiteFideId "1610856"]
[BlackFideId "1136194"]
[EventDate "2025.08.26"]

1. d4 Nf6 2. c4 e6 3. Nf3 d5 4. g3 Bb4+ 5. Bd2 Be7 6. Bg2 O-O 7. O-O Nc6 8. Qc2
a5 9. a3 a4 10. Rc1 Bd7 11. Be1 Bd6 12. cxd5 exd5 13. Nc3 Ne7 14. Ne5 Bf5 15.
Qd1 Qe8 16. e3 Ne4 17. Nc4 Nxc3 18. Nxd6 Nxd1 19. Nxe8 Rfxe8 20. Rxd1 c6 21.
Rac1 Nc8 22. Bb4 Be4 23. f3 Bf5 24. Kf2 h5 25. h3 Re6 26. g4 Bg6 27. Bf1 Nb6 28.
Be2 Rae8 29. Bd2 hxg4 30. hxg4 f5 31. gxf5 Bxf5 32. Rg1 Kf7 33. Rg5 g6 34. Rh1
Kg7 35. Rg2 Rh8 36. Rxh8 Kxh8 37. Ba5 Nd7 38. Bc3 Kg7 39. e4 dxe4 40. d5+ Rf6
41. dxc6 bxc6 42. Ke3 exf3 43. Bxf3 Nb6 44. Bxf6+ Kxf6 45. Bxc6 Ke5 46. Be8 Nc4+
47. Ke2 Nxb2 48. Bxg6 Bxg6 49. Rxg6 Kd4 50. Kd2 Nc4+ 51. Kc2 Nxa3+ 52. Kb2 Nc4+
53. Ka2 Kc5 54. Rg4 Kb4 55. Rh4 Kb5 56. Rg4 Kb4 57. Rg8 Kb5 58. Rb8+ Kc5 59. Ra8
Kb4 60. Rb8+ Kc5 61. Rc8+ Kb4 62. Ra8 Kb5 63. Kb1 Kb4 64. Kc2 a3 65. Kb1 Kb3 66.
Rb8+ Kc3 67. Ka2 Kc2 68. Rc8 Kc3 69. Rc7 Kb4 70. Rb7+ Kc3 71. Rb8 Kc2 72. Rc8
Kc3 73. Rc7 Kb4 74. Rh7 Kc3 75. Rh3+ Kc2 76. Rg3 Kd2 77. Kb3 Ne3 78. Kxa3 Kd3
79. Kb4 Kd4 80. Rh3 Nd5+ 81. Kb5 Ne3 82. Rh1 Kd5 83. Re1 Kd4 84. Rh1 Kd5 85. Rh8
Kd4 86. Rd8+ Ke4 87. Kc5 Nf5 88. Re8+ Kd3 89. Kd5 Ne3+ 90. Kc5 Nf5 91. Rh8 Ne3
92. Rh4 Nf5 93. Rg4 Ne3 94. Rf4 Ng2 95. Ra4 Ne3 96. Rd4+ Kc3 97. Rd8 Nc2 98. Rh8
Ne3 99. Re8 Kd3 100. Kd6 Kd4 101. Rh8 Nc4+ 102. Ke6 Ne3 103. Rh4+ Kc5 104. Ke5
Nc4+ 105. Ke6 Ne3 106. Rh1 Kd4 107. Re1 Nc4 108. Ra1 Ne3 109. Ra4+ Nc4 110. Kf5
Kd5 111. Kf4 Kd4 112. Ra8 Kd5 113. Rd8+ Nd6 114. Ke3 Ke5 115. Kd3 Kd5 116. Ra8
Ke5 117. Ra5+ Kf4 118. Ra6 Ke5 119. Ra5+ Kf4 120. Rd5 Nf5 121. Rd8 Ke5 122. Re8+
Kd5 123. Re4 Nd6 124. Rf4 Ke5 125. Ra4 Nf5 126. Ra5+ Kf4 127. Ke2 Ke4 128. Ra4+ 1/2-1/2

[Event "Titled Tue 26th Aug Late"]
[Site "chess.com INT"]
[Date "2025.08.26"]
[Round "6"]
[White "Rabin, Evan"]
[Black "Subervi, Jonathan Sigfredo"]
[Result "0-1"]
[BlackTitle "FM"]
[WhiteElo "1945"]
[BlackElo "2007"]
[WhiteFideId "2028670"]
[BlackFideId "6400345"]
[EventDate "2025.08.26"]

1. e4 e6 2. d4 d5 3. Nd2 Nf6 4. e5 Nfd7 5. c3 c5 6. Bd3 Nc6 7. Ne2 cxd4 8. cxd4
f6 9. exf6 Nxf6 10. Nf3 Bd6 11. O-O O-O 12. Bf4 Nh5 13. Bxd6 Qxd6 14. Rc1 Bd7
15. Bb1 Qe7 16. Ng3 Nf4 17. Re1 Qf6 18. Qd2 Nxg2 19. Ne5 Nxe1 20. Nxd7 Nf3+ 21.
Kh1 Nxd2 22. Nxf6+ Rxf6 23. Rd1 Nxb1 24. Rxb1 Nxd4 0-1

[Event "Titled Tue 26th Aug Late"]
[Site "chess.com INT"]
[Date "2025.08.26"]
[Round "6"]
[White "Labussiere, Victor"]
[Black "Almagro Mazariegos, Sebastian"]
[Result "0-1"]
[WhiteTitle "FM"]
[BlackTitle "FM"]
[WhiteElo "2298"]
[BlackElo "2259"]
[WhiteFideId "2183129"]
[BlackFideId "2221640"]
[EventDate "2025.08.26"]

1. e4 c6 2. d4 d5 3. e5 c5 4. dxc5 Nc6 5. Nf3 Bg4 6. Bb5 e6 7. Be3 Ne7 8. Bd4
Bxf3 9. Qxf3 Qa5+ 10. Nc3 Nf5 11. Bxc6+ bxc6 12. O-O-O Nxd4 13. Rxd4 Bxc5 14.
Ra4 Qb6 15. Qg3 O-O 16. Rf1 Rab8 17. b3 Bd4 0-1

[Event "Titled Tue 26th Aug Late"]
[Site "chess.com INT"]
[Date "2025.08.26"]
[Round "6"]
[White "Tikhonov, Viacheslav"]
[Black "Do Carmo, Gabriel Carckeno"]
[Result "1-0"]
[WhiteTitle "CM"]
[WhiteElo "2183"]
[BlackElo "2051"]
[WhiteFideId "44196407"]
[BlackFideId "22783024"]
[EventDate "2025.08.26"]

1. e4 e6 2. d4 d5 3. Nc3 Nf6 4. Bg5 Bb4 5. e5 h6 6. Bd2 Bxc3 7. Bxc3 Ne4 8. Bd2
c5 9. Be3 Nc6 10. f3 cxd4 11. Bxd4 Nxd4 12. Qxd4 Qa5+ 13. b4 Qa3 14. Bb5+ Ke7
15. fxe4 Rd8 16. Qc5+ 1-0

[Event "Titled Tue 26th Aug Late"]
[Site "chess.com INT"]
[Date "2025.08.26"]
[Round "6"]
[White "Bortnyk, Olexandr"]
[Black "Lisenkov, Svyatoslav"]
[Result "1-0"]
[WhiteTitle "GM"]
[BlackTitle "FM"]
[WhiteElo "2601"]
[BlackElo "2343"]
[WhiteFideId "14120828"]
[BlackFideId "34264183"]
[EventDate "2025.08.26"]

1. d4 Nf6 2. Nc3 d5 3. Bf4 Bd7 4. e3 e6 5. a3 c5 6. Nf3 Nc6 7. Bd3 Be7 8. dxc5
Bxc5 9. O-O O-O 10. e4 dxe4 11. Nxe4 Be7 12. Qe2 Nd5 13. Bd2 e5 14. Ng3 f6 15.
Qe4 Nf4 16. Qxh7+ Kf7 17. Bxf4 exf4 18. Bg6+ Ke6 19. Rad1 fxg3 20. Bf5+ Kf7 21.
Qh5+ Kg8 22. Bh7+ 1-0

[Event "Titled Tue 26th Aug Late"]
[Site "chess.com INT"]
[Date "2025.08.26"]
[Round "6"]
[White "Becking, Stephan"]
[Black "Kleibel, Uwe"]
[Result "1/2-1/2"]
[WhiteTitle "IM"]
[BlackTitle "FM"]
[WhiteElo "2410"]
[BlackElo "2301"]
[WhiteFideId "4632478"]
[BlackFideId "1270982"]
[EventDate "2025.08.26"]

1. Nf3 d5 2. g3 Nf6 3. Bg2 e6 4. O-O Bd6 5. d3 O-O 6. Nc3 Nc6 7. e4 dxe4 8. dxe4
e5 9. Bg5 Be6 10. Nd5 Bxd5 11. exd5 Nb8 12. c4 Nbd7 13. Nd2 h6 14. Be3 b6 15. a3
a5 16. b3 Qe7 17. Nb1 e4 18. Bd4 Ne5 19. Bxe5 Qxe5 20. Ra2 e3 21. Re2 exf2+ 22.
Rfxf2 Qa1 23. Ra2 Qe5 24. Rae2 Qa1 25. Ra2 Qe5 26. Rae2 1/2-1/2

[Event "Titled Tue 26th Aug Late"]
[Site "chess.com INT"]
[Date "2025.08.26"]
[Round "6"]
[White "Purygin, Andrei"]
[Black "Carafizi, Vasile"]
[Result "1-0"]
[WhiteTitle "FM"]
[BlackTitle "FM"]
[WhiteElo "2309"]
[BlackElo "2134"]
[WhiteFideId "24111180"]
[BlackFideId "4002539"]
[EventDate "2025.08.26"]

1. e4 e6 2. Nc3 d5 3. g3 Nf6 4. Bg2 Be7 5. e5 Nfd7 6. f4 c5 7. d3 Nc6 8. Nf3 O-O
9. O-O Rb8 10. a4 a6 11. Qe2 b5 12. axb5 axb5 13. g4 b4 14. Nd1 Bb7 15. f5 Qc7
16. Bf4 f6 17. exf6 Qxf4 18. fxe7 Rf7 19. fxe6 Nd4 20. exf7+ Qxf7 21. Nxd4 1-0

[Event "Titled Tue 26th Aug Late"]
[Site "chess.com INT"]
[Date "2025.08.26"]
[Round "6"]
[White "Andreikin, Dmitry"]
[Black "Bardyk, Artem"]
[Result "1-0"]
[WhiteTitle "GM"]
[BlackTitle "FM"]
[WhiteElo "2695"]
[BlackElo "2332"]
[WhiteFideId "4158814"]
[BlackFideId "34349979"]
[EventDate "2025.08.26"]

1. d4 d5 2. c4 e6 3. Nc3 Nf6 4. Nf3 c5 5. cxd5 Nxd5 6. e4 Nxc3 7. bxc3 cxd4 8.
cxd4 Bb4+ 9. Bd2 Bxd2+ 10. Qxd2 O-O 11. Rc1 b6 12. Bd3 Bb7 13. O-O Nd7 14. Qf4
h6 15. Rc3 Qf6 16. Qd6 Rfd8 17. Qa3 Qf4 18. Qe7 Bxe4 19. Bxe4 Qxe4 20. Rc7 Qd5
21. Re1 Rac8 22. Rec1 Qa8 23. Qxd7 1-0

[Event "Titled Tue 26th Aug Late"]
[Site "chess.com INT"]
[Date "2025.08.26"]
[Round "6"]
[White "Harish, Neeraj"]
[Black "Ellison, Jeremy"]
[Result "1-0"]
[WhiteTitle "CM"]
[BlackTitle "CM"]
[WhiteElo "2028"]
[BlackElo "1819"]
[WhiteFideId "30958130"]
[BlackFideId "241000030"]
[EventDate "2025.08.26"]

1. e4 c6 2. d4 d5 3. e5 Bf5 4. h4 h5 5. Bd3 Bxd3 6. Qxd3 e6 7. Nf3 Nd7 8. Bg5
Qb6 9. Nbd2 c5 10. c4 dxc4 11. Nxc4 Qc6 12. O-O b5 13. Ne3 c4 14. Qd2 Nb6 15. d5
Nxd5 16. Nxd5 exd5 17. Nd4 Qd7 18. e6 fxe6 19. Rae1 Nf6 20. Rxe6+ Kf7 21. Qf4
Bc5 22. Bxf6 gxf6 23. Rxf6+ Ke8 24. Re1+ Kd8 25. Ne6+ Kc8 26. Nxc5 Qg7 27. Rf7
Rg8 28. Qc7# 1-0

[Event "Titled Tue 26th Aug Late"]
[Site "chess.com INT"]
[Date "2025.08.26"]
[Round "6"]
[White "Beletic, Daniel"]
[Black "Mastrovasilis, Athanasios"]
[Result "0-1"]
[WhiteTitle "FM"]
[BlackTitle "GM"]
[WhiteElo "2269"]
[BlackElo "2424"]
[WhiteFideId "14602709"]
[BlackFideId "4201990"]
[EventDate "2025.08.26"]

1. d4 Nf6 2. Nf3 c5 3. c3 d5 4. e3 e6 5. Nbd2 Nc6 6. Bd3 Be7 7. O-O O-O 8. dxc5
Bxc5 9. e4 h6 10. Qe2 Qc7 11. e5 Nd7 12. Nb3 Bb6 13. Bf4 f6 14. exf6 Qxf4 15.
Qxe6+ Rf7 16. Qe8+ Nf8 17. fxg7 Rxg7 0-1

[Event "Titled Tue 26th Aug Late"]
[Site "chess.com INT"]
[Date "2025.08.26"]
[Round "6"]
[White "Tureshbayev, Anuar"]
[Black "Hovhannisyan, Hrayr"]
[Result "0-1"]
[WhiteTitle "CM"]
[BlackTitle "CM"]
[WhiteElo "2214"]
[BlackElo "2203"]
[WhiteFideId "651081709"]
[BlackFideId "13308017"]
[EventDate "2025.08.26"]

1. Nf3 g6 2. e3 Bg7 3. d4 d5 4. b3 Nf6 5. Bb2 O-O 6. Nbd2 b6 7. Bd3 Bb7 8. O-O
c5 9. c4 Nbd7 10. Rc1 cxd4 11. exd4 Rc8 12. Qe2 Nh5 13. g3 Re8 14. Ng5 e5 15.
cxd5 Qxg5 16. Ne4 Qe7 17. d6 Qf8 18. Rc7 Bxe4 19. Rxd7 Bxd3 20. Qxd3 exd4 21.
Bxd4 Bxd4 22. Qxd4 Qg7 23. Qd5 Nf6 24. Qb5 Nxd7 25. Qxd7 Red8 26. Qxa7 Rxd6 27.
Qb7 Rcd8 28. Rc1 Rd1+ 29. Rxd1 Rxd1+ 30. Kg2 Qd4 31. Qc8+ Kg7 32. Qc7 Rd2 0-1

[Event "Titled Tue 26th Aug Late"]
[Site "chess.com INT"]
[Date "2025.08.26"]
[Round "6"]
[White "Pniaczek, Marek"]
[Black "Kurpiewski, Slawomir"]
[Result "1-0"]
[WhiteTitle "FM"]
[BlackTitle "CM"]
[WhiteElo "2188"]
[BlackElo "1973"]
[WhiteFideId "21800421"]
[BlackFideId "1114530"]
[EventDate "2025.08.26"]

1. e4 e5 2. Nf3 Nc6 3. d4 exd4 4. Bc4 Nf6 5. e5 d5 6. Bb5 Nd7 7. c3 Be7 8. cxd4
O-O 9. Nc3 Nb6 10. O-O Bd7 11. Re1 a6 12. Bd3 f6 13. Bf4 fxe5 14. Bxe5 Nxe5 15.
Nxe5 Bf5 16. Bxf5 Rxf5 17. Qg4 Qf8 18. Re2 c6 19. Rae1 Bb4 20. Nd3 Bxc3 21. bxc3
Nc4 22. Re7 Rf7 23. Qe6 g6 24. Rxb7 Kg7 25. Qxc6 Rc8 26. Rxf7+ Kxf7 27. Qxd5+
Kg7 28. Nc5 Re8 29. Qd7+ 1-0

[Event "Titled Tue 26th Aug Late"]
[Site "chess.com INT"]
[Date "2025.08.26"]
[Round "6"]
[White "Cevizci, Yusuf Baran"]
[Black "Paichadze, Luka"]
[Result "1-0"]
[WhiteTitle "CM"]
[BlackTitle "GM"]
[WhiteElo "2094"]
[BlackElo "2520"]
[WhiteFideId "34565400"]
[BlackFideId "13602934"]
[EventDate "2025.08.26"]

1. e4 c6 2. c4 d5 3. cxd5 cxd5 4. exd5 Nf6 5. Nc3 g6 6. Bc4 Bg7 7. d4 O-O 8. Qb3
Nbd7 9. Nf3 Nb6 10. O-O Bf5 11. Re1 Rc8 12. Bf1 h6 13. a4 a5 14. h3 g5 15. Bd2
Nfxd5 16. Nxd5 Nxd5 17. Bc4 e6 18. Bxd5 Qxd5 19. Qxd5 exd5 20. Bxa5 Rc2 21. Bc3
Be4 22. a5 Rc8 23. Re3 Rc4 24. Ne1 R4xc3 25. bxc3 Rb2 26. Nd3 Rb5 27. Nc5 Bf5
28. Re7 1-0

[Event "Titled Tue 26th Aug Late"]
[Site "chess.com INT"]
[Date "2025.08.26"]
[Round "6"]
[White "Korchynskyi, Mykola"]
[Black "Brilej, Jaka"]
[Result "1-0"]
[WhiteTitle "FM"]
[BlackTitle "FM"]
[WhiteElo "2359"]
[BlackElo "2334"]
[WhiteFideId "34138005"]
[BlackFideId "14618818"]
[EventDate "2025.08.26"]

1. d4 Nf6 2. c4 e6 3. Nc3 Bb4 4. Qc2 d6 5. a3 Bxc3+ 6. Qxc3 Nbd7 7. Bg5 h6 8.
Bh4 b6 9. e3 g5 10. Bg3 Ne4 11. Qc2 Bb7 12. Ne2 Qe7 13. Nc3 Ndf6 14. f3 Nxg3 15.
hxg3 O-O-O 16. O-O-O e5 17. d5 Kb8 18. Bd3 Nd7 19. Kb1 Nc5 20. g4 Bc8 21. Bf5
Bxf5 22. Qxf5 Qd7 23. Rh5 Qxf5+ 24. gxf5 f6 25. Rdh1 Rdf8 26. Rxh6 Rxh6 27. Rxh6
a5 28. b4 axb4 29. axb4 Na6 30. Ne4 Nxb4 31. Nxf6 Kb7 32. g4 Nd3 33. Nh7 Ra8 34.
f6 e4 35. f7 1-0

[Event "Titled Tue 26th Aug Late"]
[Site "chess.com INT"]
[Date "2025.08.26"]
[Round "6"]
[White "Lortkipanidze, Nodar"]
[Black "Hua, Lefong"]
[Result "1-0"]
[WhiteTitle "IM"]
[BlackTitle "FM"]
[WhiteElo "2359"]
[BlackElo "2305"]
[WhiteFideId "13604058"]
[BlackFideId "2602253"]
[EventDate "2025.08.26"]

1. e4 c5 2. c3 Nf6 3. e5 Nd5 4. d4 cxd4 5. Qxd4 e6 6. Nf3 Nc6 7. Qe4 d6 8. c4
Nb6 9. exd6 Bxd6 10. Nc3 O-O 11. Bg5 Be7 12. Rd1 Bxg5 13. Rxd8 Bxd8 14. Bd3 f5
15. Qe2 Bf6 16. O-O Nd4 17. Nxd4 Bxd4 18. Nb5 Bf6 19. Nc7 Rb8 20. c5 Nd5 21.
Nxd5 exd5 22. Re1 Bd7 23. Qf3 Rf7 24. h4 g6 25. h5 Bc6 26. hxg6 hxg6 27. Qg3
Rbf8 28. Bxf5 Rg7 29. Be6+ Kh8 30. b4 d4 31. Bc4 a6 32. Qd6 1-0